[Event "SG Turm Raesfeld/Erle 1 - SK Münster 2"]
[Site "NRW-Klasse - Gruppe 2 2021/20"]
[Date "2022.03.27"]
[Round "7.6"]
[White "Broemmel, Rudolf"]
[Black "Kamp, Aaron"]
[Result "1-0"]
[WhiteElo "1926"]
[BlackElo "1893"]
[PlyCount "123"]
[EventDate "2022.??.??"]
[SourceVersionDate "2020.03.16"]
[WhiteTeam "SG Turm Raesfeld/Erle 1"]
[BlackTeam "SK Münster 2"]

1. Nc3 d5 2. e4 d4 3. Nce2 e5 4. Ng3 Nf6 5. Nf3 Bd6 6. Bc4 O-O 7. d3 Nc6 8. Bg5
Na5 9. Bb3 Nxb3 10. axb3 Bb4+ 11. Kf1 h6 12. Bd2 Bxd2 13. Qxd2 Re8 14. Ra5 Qd6
15. Nh4 b6 16. Nhf5 Qf8 17. Ra3 Kh7 18. Ne2 Bxf5 19. exf5 c5 20. f3 Nd5 21. Ng3
Ne3+ 22. Kf2 Qe7 23. Re1 Qf6 24. Rxe3 dxe3+ 25. Qxe3 Qh4 26. Ra4 Qe7 27. Qe4 f6
28. Qg4 Qf7 29. Ra6 Red8 30. Qa4 Qb7 31. Ne2 b5 32. Qa5 c4 33. dxc4 bxc4 34. b4
Rd5 35. Qa4 Rb5 36. c3 Rb6 37. Ra5 a6 38. Rc5 Rb5 39. Rxc4 a5 40. Rc7 Qxc7 41.
Qxb5 axb4 42. Qxb4 Rb8 43. Qa3 Qb6+ 44. Ke1 Qxb2 45. Qxb2 Rxb2 46. Kf2 g6 47.
g4 gxf5 48. gxf5 Kg7 49. Ke3 Kf7 50. Kd3 Ke7 51. h4 Kd6 52. h5 Ra2 53. Ke3 Kd5
54. Ng3 Rh2 55. Ne4 Kc4 56. Nxf6 Kxc3 57. Ng4 Rxh5 58. Ke4 Rxf5 59. Kxf5 Kd4
60. Nxe5 Ke3 61. f4 h5 62. Ng6 1-0

[Event "SG Turm Raesfeld/Erle 1 - SK Münster 2"]
[Site "NRW-Klasse - Gruppe 2 2021/20"]
[Date "2022.03.27"]
[Round "7.7"]
[White "Schroeder, Lennart"]
[Black "Bergemann, Martin"]
[Result "1-0"]
[WhiteElo "1971"]
[BlackElo "1918"]
[PlyCount "47"]
[EventDate "2022.??.??"]
[SourceVersionDate "2020.03.16"]
[WhiteTeam "SK Münster 2"]
[BlackTeam "SG Turm Raesfeld/Erle 1"]

1. d4 Nf6 2. c4 c5 3. d5 b5 4. cxb5 g6 5. Nc3 Bg7 6. e4 O-O 7. Nf3 Ne8 8. h4 a6
9. h5 axb5 10. hxg6 fxg6 11. Bh6 b4 12. Bxg7 Nxg7 13. Nb1 Ba6 14. Qc1 Bxf1 15.
Kxf1 Rxf3 16. gxf3 Qf8 17. Qh6 Qxf3 18. Qxh7+ Kf7 19. Nd2 Qd3+ 20. Ke1 c4 21.
Rh3 Rxa2 22. Rxa2 b3 23. Rxd3 bxa2 24. Rf3+ 1-0

[Event "SG Turm Raesfeld/Erle 1 - SK Münster 2"]
[Site "NRW-Klasse - Gruppe 2 2021/20"]
[Date "2022.03.27"]
[Round "7.8"]
[White "Fasselt, Hendrik"]
[Black "Hartmann, Steffen"]
[Result "0-1"]
[WhiteElo "1823"]
[BlackElo "1903"]
[PlyCount "74"]
[EventDate "2022.??.??"]
[SourceVersionDate "2020.03.16"]
[WhiteTeam "SG Turm Raesfeld/Erle 1"]
[BlackTeam "SK Münster 2"]

1. b3 Nf6 2. Bb2 e6 3. e3 Be7 4. Nf3 O-O 5. Be2 d5 6. O-O Nbd7 7. d3 c5 8. Nbd2
Qc7 9. c4 b6 10. Qc2 Bb7 11. Rac1 Rac8 12. Rfd1 Rfd8 13. h3 Bd6 14. Qb1 Qb8 15.
Qa1 e5 16. cxd5 Nxd5 17. Nc4 f6 18. Nxd6 Qxd6 19. a3 Nf8 20. Nd2 Ng6 21. Bg4
Rb8 22. Ne4 Qe7 23. Qb1 Nh4 24. Be2 f5 25. Ng3 f4 26. Ne4 fxe3 27. g3 exf2+ 28.
Kxf2 Rf8+ 29. Kg1 Nf5 30. Rf1 Nfe3 31. Rf3 Rxf3 32. Bxf3 Rf8 33. Nd2 Qg5 34.
Kh2 Ng4+ 35. Kh1 Nf2+ 36. Kg2 Qxd2 37. Rc2 Ne3+ 0-1

[Event "SV Wattenscheid 2 - SV Welper 1"]
[Site "NRW-Klasse - Gruppe 2 2021/20"]
[Date "2022.03.27"]
[Round "7.1"]
[White "Sohlmann, Jan-Henning"]
[Black "Schroeder, Wilfried"]
[Result "1/2-1/2"]
[WhiteElo "2176"]
[BlackElo "2144"]
[PlyCount "73"]
[EventDate "2022.??.??"]
[SourceVersionDate "2020.03.16"]
[WhiteTeam "SV Welper 1"]
[BlackTeam "SV Wattenscheid 2"]

1. b4 c6 2. e3 Nf6 3. Nf3 d6 4. d4 Bg4 5. Be2 Na6 6. a3 Nc7 7. a4 a6 8. O-O e6
9. c4 Be7 10. Nbd2 O-O 11. Bb2 Nd7 12. Qb3 d5 13. h3 Bxf3 14. Nxf3 b5 15. c5 f5
16. axb5 axb5 17. Rxa8 Qxa8 18. Ra1 Qb7 19. Ra5 Ra8 20. Qa2 Bd8 21. Rxa8 Qxa8
22. Qxa8 Nxa8 23. Ne5 Nxe5 24. dxe5 Nc7 25. Bd4 Na6 26. Bc3 Bc7 27. f4 Bd8 28.
Kf2 Kf7 29. Bf3 Bh4+ 30. g3 Be7 31. Ke2 h6 32. Be1 Nc7 33. g4 g6 34. Kd3 Ne8
35. Kd4 Ng7 36. Bf2 Bd8 37. Be1 1/2-1/2

[Event "SV Wattenscheid 2 - SV Welper 1"]
[Site "NRW-Klasse - Gruppe 2 2021/20"]
[Date "2022.03.27"]
[Round "7.2"]
[White "Peter, Thomas"]
[Black "Fuellgrabe, Thomas"]
[Result "1-0"]
[WhiteElo "2128"]
[BlackElo "2229"]
[PlyCount "93"]
[EventDate "2022.??.??"]
[SourceVersionDate "2020.03.16"]
[WhiteTeam "SV Wattenscheid 2"]
[BlackTeam "SV Welper 1"]

1. e4 e5 2. Nf3 Nf6 3. Nc3 Nc6 4. Bb5 Nd4 5. d3 c6 6. Bc4 d5 7. exd5 cxd5 8.
Nxd4 dxc4 9. Nf3 Bg4 10. h3 Bxf3 11. Qxf3 cxd3 12. cxd3 Bb4 13. Bg5 Qd5 14.
Bxf6 Qxf3 15. gxf3 gxf6 16. Ke2 Rc8 17. Rac1 Bxc3 18. Rhg1 Ke7 19. Rxc3 Rxc3
20. bxc3 Rc8 21. Kd2 Rc6 22. Rb1 b6 23. Rb4 f5 24. Rh4 h6 25. Rh5 Rf6 26. f4
exf4 27. Rh4 b5 28. Kc2 Ra6 29. Kb3 Rd6 30. d4 f3 31. Rf4 Kf6 32. Rxf3 Kg5 33.
Kb4 f4 34. Kc5 Rd8 35. Rd3 Kf5 36. d5 Ke5 37. d6 Ke6 38. Kc6 Rc8+ 39. Kxb5 Kd7
40. c4 Rb8+ 41. Ka4 Rb2 42. c5 Rc2 43. Kb4 a5+ 44. Kb5 Rb2+ 45. Kc4 Rc2+ 46.
Kd5 a4 47. a3 1-0

[Event "SV Wattenscheid 2 - SV Welper 1"]
[Site "NRW-Klasse - Gruppe 2 2021/20"]
[Date "2022.03.27"]
[Round "7.3"]
[White "Schaller, Fabian"]
[Black "Schlehoefer, Ralf"]
[Result "1-0"]
[WhiteElo "2029"]
[BlackElo "2147"]
[PlyCount "61"]
[EventDate "2022.??.??"]
[SourceVersionDate "2020.03.16"]
[WhiteTeam "SV Welper 1"]
[BlackTeam "SV Wattenscheid 2"]

1. Nf3 Nf6 2. b3 g6 3. Bb2 Bg7 4. g3 b6 5. Bg2 Bb7 6. O-O d6 7. d4 Nbd7 8. c4
O-O 9. Nc3 Ne4 10. Qc2 Nxc3 11. Bxc3 e6 12. Rad1 Qe7 13. e4 Rfd8 14. Rfe1 c5
15. dxc5 Bxc3 16. Qxc3 Nxc5 17. e5 Rac8 18. exd6 Rxd6 19. Ne5 Rxd1 20. Rxd1 Rd8
21. Rxd8+ Qxd8 22. Bxb7 Qd1+ 23. Kg2 Nxb7 24. Qf3 Qxf3+ 25. Kxf3 Kf8 26. Ke4 f6
27. Nd3 Nc5+ 28. Nxc5 bxc5 29. a3 a5 30. Kd3 e5 31. Ke4 1-0

[Event "SV Wattenscheid 2 - SV Welper 1"]
[Site "NRW-Klasse - Gruppe 2 2021/20"]
[Date "2022.03.27"]
[Round "7.4"]
[White "Koehn, Peter"]
[Black "Linde, Wolfgang"]
[Result "1-0"]
[WhiteElo "2128"]
[BlackElo "2089"]
[PlyCount "75"]
[EventDate "2022.??.??"]
[SourceVersionDate "2020.03.16"]
[WhiteTeam "SV Wattenscheid 2"]
[BlackTeam "SV Welper 1"]

1. d4 d5 2. c4 e6 3. Nc3 Nf6 4. Bg5 Be7 5. e3 O-O 6. Nf3 b6 7. Qc2 Bb7 8. O-O-O
Nc6 9. h4 Nb4 10. Qb3 dxc4 11. Bxc4 Nbd5 12. Kb1 Nxc3+ 13. Qxc3 Nd5 14. Qe1 Qe8
15. e4 Nf6 16. Bd3 Rd8 17. Ka1 a5 18. e5 Nd7 19. Be4 Bd5 20. Qe2 Nb8 21. Rc1 c6
22. Rc3 Rd7 23. Bxd5 Rxd5 24. Qe4 Qd7 25. Bxe7 Qxe7 26. Ng5 g6 27. Rhc1 Rfd8
28. Nf3 a4 29. h5 Kg7 30. Kb1 f5 31. Qe3 Rf8 32. Qf4 Rc8 33. Rh1 Qe8 34. hxg6
Qxg6 35. Ng5 h6 36. Rg3 Kf8 37. Nf3 Qh7 38. Rxh6 1-0

[Event "SV Wattenscheid 2 - SV Welper 1"]
[Site "NRW-Klasse - Gruppe 2 2021/20"]
[Date "2022.03.27"]
[Round "7.5"]
[White "Conrad, Joachim"]
[Black "Lang, Daniel"]
[Result "0-1"]
[WhiteElo "1981"]
[BlackElo "2114"]
[PlyCount "46"]
[EventDate "2022.??.??"]
[SourceVersionDate "2020.03.16"]
[WhiteTeam "SV Welper 1"]
[BlackTeam "SV Wattenscheid 2"]

1. d4 Nf6 2. Nf3 e6 3. e3 c5 4. Bd3 Nc6 5. O-O Be7 6. Nbd2 O-O 7. c3 Qc7 8. Qc2
d5 9. dxc5 Bxc5 10. b3 Bd7 11. Bb2 Rac8 12. a3 Bd6 13. Rac1 Qb8 14. Qb1 b5 15.
h3 h6 16. Rfd1 Rfd8 17. Qa1 e5 18. e4 Be6 19. Bc2 dxe4 20. Nh2 Qb6 21. Bxe4
Bxb3 22. Nxb3 Nxe4 23. Nf3 Nxf2 0-1

[Event "SV Wattenscheid 2 - SV Welper 1"]
[Site "NRW-Klasse - Gruppe 2 2021/20"]
[Date "2022.03.27"]
[Round "7.6"]
[White "Gohla, Ulf"]
[Black "Schaller, Torsten"]
[Result "1/2-1/2"]
[WhiteElo "2086"]
[BlackElo "1893"]
[PlyCount "44"]
[EventDate "2022.??.??"]
[SourceVersionDate "2020.03.16"]
[WhiteTeam "SV Wattenscheid 2"]
[BlackTeam "SV Welper 1"]

1. d4 Nf6 2. c4 e6 3. Nc3 Bb4 4. Qc2 O-O 5. a3 Bxc3+ 6. Qxc3 d5 7. Bg5 c5 8.
dxc5 d4 9. Qf3 Nbd7 10. Rd1 Nxc5 11. Bxf6 Qxf6 12. Qxf6 gxf6 13. Rxd4 e5 14.
Rd1 Nb3 15. Rd3 Nc5 16. Rc3 Be6 17. Nf3 Rac8 18. e3 Ne4 19. Rc2 b5 20. Nd2 Nxd2
21. Kxd2 Rfd8+ 22. Kc1 bxc4 1/2-1/2

[Event "SV Wattenscheid 2 - SV Welper 1"]
[Site "NRW-Klasse - Gruppe 2 2021/20"]
[Date "2022.03.27"]
[Round "7.7"]
[White "Sondermann, Dirk"]
[Black "Thelen, Thomas"]
[Result "0-1"]
[WhiteElo "1798"]
[BlackElo "2061"]
[PlyCount "58"]
[EventDate "2022.??.??"]
[SourceVersionDate "2020.03.16"]
[WhiteTeam "SV Welper 1"]
[BlackTeam "SV Wattenscheid 2"]

1. d4 Nf6 2. c4 e6 3. Nf3 d5 4. Nc3 Be7 5. e3 O-O 6. Qc2 b6 7. b3 Bb7 8. Bd3
Nbd7 9. cxd5 exd5 10. Bb2 c5 11. O-O Rc8 12. Rac1 a6 13. dxc5 bxc5 14. Qe2 Qa5
15. Rfd1 Rfe8 16. Bf5 Rcd8 17. Bxd7 Rxd7 18. Ne5 Rdd8 19. Na4 d4 20. exd4 cxd4
21. Nc6 Bxc6 22. Rxc6 d3 23. Qf1 Qb5 24. Rc4 d2 25. Bc3 Qg5 26. f4 Qh5 27. h3
Nd5 28. Bd4 Bh4 29. Bf2 Bxf2+ 0-1

[Event "SV Wattenscheid 2 - SV Welper 1"]
[Site "NRW-Klasse - Gruppe 2 2021/20"]
[Date "2022.03.27"]
[Round "7.8"]
[White "Meyer, Juergen"]
[Black "Heidt, Viktor"]
[Result "1/2-1/2"]
[WhiteElo "1857"]
[BlackElo "1816"]
[PlyCount "96"]
[EventDate "2022.??.??"]
[SourceVersionDate "2020.03.16"]
[WhiteTeam "SV Wattenscheid 2"]
[BlackTeam "SV Welper 1"]

1. d4 Nf6 2. Nf3 e6 3. g3 c5 4. c4 Nc6 5. Bg2 d5 6. O-O cxd4 7. Nxd4 Bc5 8. Nb3
Be7 9. cxd5 Nxd5 10. a3 O-O 11. e4 Nf6 12. Be3 Bd7 13. Qe2 Qc7 14. Nc3 a6 15.
Rac1 Rac8 16. Na4 b5 17. Nb6 Rb8 18. Nxd7 Qxd7 19. Rfd1 Qe8 20. Nc5 Qc8 21. Nd3
Qb7 22. e5 Nd5 23. Bxd5 exd5 24. Nf4 Nxe5 25. Nxd5 Rbc8 26. Rxc8 Rxc8 27. Nxe7+
Qxe7 28. Bd4 f6 29. Bxe5 fxe5 30. Re1 Re8 31. Qe4 Qc5 32. Kg2 Rc8 33. Qxe5 Qxe5
34. Rxe5 Rc2 35. b4 Rc3 36. Re3 Rc6 37. h4 Kf7 38. f4 h5 39. Kf3 Kf6 40. g4
hxg4+ 41. Kxg4 g6 42. Rd3 Re6 43. Rd7 Rc6 44. Ra7 Rd6 45. Rc7 Re6 46. h5 gxh5+
47. Kxh5 Rd6 48. Kg4 Kg6 1/2-1/2

[Event "SK Sodingen/Castrop 1 - SV Horst-Emsche"]
[Site "NRW-Klasse - Gruppe 2 2021/20"]
[Date "2022.03.27"]
[Round "7.1"]
[White "Baerwolf, Steven"]
[Black "Boehnke, Martin"]
[Result "1-0"]
[WhiteElo "2300"]
[BlackElo "2142"]
[Annotator "daniel"]
[PlyCount "73"]
[EventDate "2022.??.??"]
[SourceVersionDate "2020.03.16"]
[WhiteTeam "SV Horst-Emscher 1"]
[BlackTeam "SK Sodingen/Castrop 1"]

1. e4 c5 2. Nf3 d6 3. Bb5+ Bd7 4. Bxd7+ Qxd7 5. c4 Nc6 6. d4 cxd4 7. Nxd4 Nf6
8. Nc3 g6 9. f3 Bg7 10. Be3 O-O 11. O-O a6 12. a4 e6 13. b3 Rac8 14. Rc1 Qe7
15. Qd2 Nd7 16. Rfd1 Nc5 17. Rb1 Rfd8 18. Nde2 Nb4 19. Nf4 Be5 20. a5 Qf6 21.
Nce2 Nc6 22. b4 Nd7 23. Nd5 exd5 24. cxd5 Ncb8 25. Bg5 Qg7 26. Bxd8 Rxd8 27.
Rdc1 b6 28. Qe3 b5 29. Rc7 Qf8 30. Rbc1 f5 31. Nd4 Bxd4 32. Qxd4 f4 33. h3 h5
34. Rb7 Rc8 35. Rxc8 Qxc8 36. Qa7 Qc1+ 37. Kh2 {ZÜ} 1-0

[Event "SK Sodingen/Castrop 1 - SV Horst-Emsche"]
[Site "NRW-Klasse - Gruppe 2 2021/20"]
[Date "2022.03.27"]
[Round "7.2"]
[White "Waldschmidt, Georg"]
[Black "Rebentisch, Tom"]
[Result "1/2-1/2"]
[WhiteElo "2127"]
[BlackElo "2138"]
[PlyCount "115"]
[EventDate "2022.??.??"]
[SourceVersionDate "2020.03.16"]
[WhiteTeam "SK Sodingen/Castrop 1"]
[BlackTeam "SV Horst-Emscher 1"]

1. e4 e5 2. Nf3 Nc6 3. Bb5 a6 4. Ba4 Nf6 5. O-O Be7 6. Re1 b5 7. Bb3 O-O 8. a4
Bb7 9. d3 d6 10. Nbd2 Nd7 11. c3 Nc5 12. axb5 axb5 13. Rxa8 Qxa8 14. Bc2 Bf6
15. Nf1 b4 16. Ne3 bxc3 17. bxc3 Qa1 18. Nd5 Ne7 19. Nxf6+ gxf6 20. d4 Ne6 21.
Qd3 Ba6 22. c4 Nxd4 23. Bd2 Qb2 24. Nxd4 Qxd4 25. Qg3+ Kh8 26. Rd1 Qxc4 27. Rc1
Rb8 28. Bh6 Rg8 29. Qf3 Rg6 30. Bb3 Qb4 31. Bf8 Qa3 32. Qc3 Nc6 33. Bxf7 Qxc3
34. Rxc3 Bb5 35. Bxg6 hxg6 36. Bh6 g5 37. h4 gxh4 38. Be3 Kg7 39. Rb3 Ba6 40.
Kh2 Kf7 41. Kh3 Ke6 42. Kxh4 Nd4 43. Ra3 Bf1 44. g4 c5 45. Kg3 c4 46. Bd2 Bd3
47. f3 Nb5 48. Ra1 c3 49. Bc1 Be2 50. Kf2 Bd1 51. g5 fxg5 52. Bxg5 c2 53. f4
exf4 54. Bxf4 Nd4 55. Ra6 Ne2 56. Rxd6+ Ke7 57. Ke1 Nxf4 58. Rxd1 1/2-1/2

[Event "SK Sodingen/Castrop 1 - SV Horst-Emsche"]
[Site "NRW-Klasse - Gruppe 2 2021/20"]
[Date "2022.03.27"]
[Round "7.3"]
[White "Kroeger, Fabian"]
[Black "Banik, Thorsten"]
[Result "0-1"]
[WhiteElo "2196"]
[BlackElo "2099"]
[PlyCount "88"]
[EventDate "2022.??.??"]
[SourceVersionDate "2020.03.16"]
[WhiteTeam "SV Horst-Emscher 1"]
[BlackTeam "SK Sodingen/Castrop 1"]

1. Nf3 Nf6 2. g3 d5 3. Bg2 e6 4. O-O Be7 5. d3 O-O 6. Nbd2 c5 7. e4 Nc6 8. Re1
Qc7 9. Nf1 Rd8 10. e5 Nd7 11. Bf4 Nf8 12. Qe2 Ng6 13. Bd2 Nd4 14. Nxd4 cxd4 15.
c3 Bc5 16. h4 Ne7 17. Nh2 Nf5 18. Kh1 Bd7 19. Bg5 Be7 20. Bxe7 Nxe7 21. cxd4
Nf5 22. Qg4 Qc2 23. Kg1 Qxb2 24. Nf3 Qa3 25. Qf4 Qe7 26. Rab1 b6 27. h5 Rac8
28. Rbc1 Rxc1 29. Rxc1 Rc8 30. Bh3 h6 31. Kg2 Qd8 32. g4 Nh4+ 33. Nxh4 Qxh4 34.
Rxc8+ Bxc8 35. Qc1 Qd8 36. f4 Ba6 37. Qa3 Qc8 38. Kg3 Bb5 39. Qb3 Qc6 40. g5 a6
41. g6 Qc1 42. Kf3 Qh1+ 43. Bg2 Qxh5+ 44. Ke3 Qxg6 0-1

[Event "SK Sodingen/Castrop 1 - SV Horst-Emsche"]
[Site "NRW-Klasse - Gruppe 2 2021/20"]
[Date "2022.03.27"]
[Round "7.4"]
[White "Mueller, Frank"]
[Black "Dementjew, Dmitriy"]
[Result "1/2-1/2"]
[WhiteElo "2033"]
[BlackElo "1902"]
[PlyCount "106"]
[EventDate "2022.??.??"]
[SourceVersionDate "2020.03.16"]
[WhiteTeam "SK Sodingen/Castrop 1"]
[BlackTeam "SV Horst-Emscher 1"]

1. e4 b6 2. d4 e6 3. Bd3 Bb7 4. Nf3 Nf6 5. Qe2 d5 6. e5 Ne4 7. Nbd2 Ng5 8. Nxg5
Qxg5 9. O-O Nd7 10. f4 Qh4 11. Nf3 Qg4 12. h3 Qh5 13. Kh2 f5 14. exf6 O-O-O 15.
Qxe6 gxf6 16. Re1 Bd6 17. Qf5 Qh6 18. Bd2 Kb8 19. Re6 Bc8 20. Rae1 a6 21. b3
Rhg8 22. c4 Rg6 23. Rxd6 Rdg8 24. Re2 Ne5 25. fxe5 Bxf5 26. Bxf5 Qg7 27. Nh4
cxd6 28. Nxg6 hxg6 29. Be6 Re8 30. exd6 g5 31. c5 Qb7 32. b4 a5 33. a3 Qa6 34.
Re1 Qd3 35. c6 Qxd2 36. c7+ Ka7 37. d7 Qf4+ 38. Kg1 Rxe6 39. c8=N+ Kb8 40. Rxe6
Qxd4+ 41. Kh2 Kc7 42. Nxb6 Qf4+ 43. Kg1 Qc1+ 44. Kh2 Qf4+ 45. Kg1 Qd4+ 46. Kh1
axb4 47. axb4 Qa1+ 48. Kh2 Qd4 49. b5 Qf4+ 50. Kg1 Qc1+ 51. Kh2 Qf4+ 52. Kg1
Qc1+ 53. Kh2 Qf4+ 1/2-1/2

[Event "SK Sodingen/Castrop 1 - SV Horst-Emsche"]
[Site "NRW-Klasse - Gruppe 2 2021/20"]
[Date "2022.03.27"]
[Round "7.5"]
[White "Arndt, Olaf"]
[Black "Hille, Ralph Ingo"]
[Result "1/2-1/2"]
[WhiteElo "1851"]
[BlackElo "2016"]
[PlyCount "84"]
[EventDate "2022.??.??"]
[SourceVersionDate "2020.03.16"]
[WhiteTeam "SV Horst-Emscher 1"]
[BlackTeam "SK Sodingen/Castrop 1"]

1. e4 b6 2. d4 e6 3. Nf3 Bb7 4. Bd3 c5 5. c3 Nf6 6. Qe2 Be7 7. O-O Nc6 8. a3
Na5 9. Bg5 c4 10. Bc2 h6 11. Bxf6 gxf6 12. Nbd2 Qc7 13. Rfe1 O-O-O 14. b4 cxb3
15. Nxb3 Nc4 16. Nc5 Bxc5 17. Qxc4 Bd6 18. Qd3 Kb8 19. c4 Rhg8 20. Rab1 Ka8 21.
d5 Bc5 22. Red1 Qf4 23. Kf1 Ba6 24. Bb3 Rg4 25. dxe6 fxe6 26. h3 Rg7 27. g3 Qc7
28. Nd4 Rdg8 29. Rb2 Qe5 30. Rbd2 Bb7 31. Bc2 Qh5 32. h4 Qg4 33. Qf3 Qxf3 34.
Nxf3 Bc6 35. Nd4 Bb7 36. a4 Bb4 37. Re2 Rc8 38. Bd3 a6 39. Rb1 Bc5 40. Nb3 Bb4
41. Nd4 Bc5 42. Nb3 Bb4 1/2-1/2

[Event "SK Sodingen/Castrop 1 - SV Horst-Emsche"]
[Site "NRW-Klasse - Gruppe 2 2021/20"]
[Date "2022.03.27"]
[Round "7.6"]
[White "Foerster, Wolfgang"]
[Black "Goeldenboog, Juergen"]
[Result "1-0"]
[WhiteElo "2008"]
[BlackElo "1833"]
[PlyCount "65"]
[EventDate "2022.??.??"]
[SourceVersionDate "2020.03.16"]
[WhiteTeam "SK Sodingen/Castrop 1"]
[BlackTeam "SV Horst-Emscher 1"]

1. e4 c6 2. Nf3 d5 3. exd5 cxd5 4. Ne5 Nf6 5. d4 g6 6. Bb5+ Bd7 7. Bxd7+ Nfxd7
8. O-O Bg7 9. f4 O-O 10. c3 Qb6 11. Kh1 f5 12. Qb3 e6 13. Nd2 Nf6 14. Qxb6 axb6
15. Ndf3 b5 16. Be3 Nc6 17. Ng5 Nxe5 18. dxe5 Ng4 19. Bd4 Ra6 20. h3 Nh6 21. a3
Nf7 22. Nf3 Rc8 23. g4 Bh6 24. gxf5 Bxf4 25. fxg6 hxg6 26. Rg1 Kh7 27. Rg4 g5
28. h4 Nh6 29. Nxg5+ Bxg5 30. Rxg5 Nf5 31. Rag1 Ra4 32. Rh5+ Nh6 33. Be3 1-0

[Event "SK Sodingen/Castrop 1 - SV Horst-Emsche"]
[Site "NRW-Klasse - Gruppe 2 2021/20"]
[Date "2022.03.27"]
[Round "7.7"]
[White "Becker, Marco"]
[Black "Ribbeheger, Edgar"]
[Result "0-1"]
[WhiteElo "1925"]
[BlackElo "1992"]
[PlyCount "38"]
[EventDate "2022.??.??"]
[SourceVersionDate "2020.03.16"]
[WhiteTeam "SV Horst-Emscher 1"]
[BlackTeam "SK Sodingen/Castrop 1"]

1. e4 c6 2. Nc3 d5 3. Qf3 dxe4 4. Nxe4 Nf6 5. Ne2 Nxe4 6. Qxe4 Nd7 7. c3 Nf6 8.
Qc2 g6 9. Ng3 h5 10. h4 Be6 11. d4 Qc7 12. Bd3 O-O-O 13. Bg5 Bd5 14. Ne4 Bh6
15. Bxh6 Rxh6 16. O-O-O Nxe4 17. c4 Qf4+ 18. Kb1 Qxf2 19. cxd5 Qxc2+ 0-1

[Event "SK Sodingen/Castrop 1 - SV Horst-Emsche"]
[Site "NRW-Klasse - Gruppe 2 2021/20"]
[Date "2022.03.27"]
[Round "7.8"]
[White "Rohovoy, Dmitrij"]
[Black "Hiebsch, Catalina"]
[Result "0-1"]
[WhiteElo "1936"]
[BlackElo "1775"]
[PlyCount "126"]
[EventDate "2022.??.??"]
[SourceVersionDate "2020.03.16"]
[WhiteTeam "SK Sodingen/Castrop 1"]
[BlackTeam "SV Horst-Emscher 1"]

1. d4 f5 2. c4 Nf6 3. Nc3 e6 4. Nf3 Be7 5. e3 d6 6. Bd3 Nc6 7. a3 e5 8. d5 Nb8
9. Bc2 O-O 10. O-O Qe8 11. b4 Qh5 12. Ne2 g5 13. Ng3 Qg6 14. Bb2 h5 15. h4 g4
16. Ng5 Nh7 17. f4 gxf3 18. Qxf3 Nxg5 19. hxg5 e4 20. Qxh5 Qxh5 21. Nxh5 Bxg5
22. Nf4 Bf6 23. Bxf6 Rxf6 24. Rf2 Nd7 25. Ne6 Ne5 26. Nxc7 Rb8 27. c5 dxc5 28.
bxc5 Kf7 29. d6 Be6 30. Nxe6 Kxe6 31. Rd1 b6 32. Bb3+ Kd7 33. Ba4+ b5 34. Bc2
Ng4 35. Rf4 Nxe3 36. Rd2 Rc8 37. Rh4 Rf7 38. Bb3 Nc4 39. Bxc4 bxc4 40. Rb2 Rxc5
41. Rh6 Kc6 42. Kf2 Rd7 43. Ke3 Rd5 44. Rb8 R7xd6 45. Rc8+ Kb5 46. Rh7 Rd7 47.
Rh6 R5d6 48. Rh5 Rf7 49. g4 Rd3+ 50. Kf4 Rf3+ 51. Ke5 fxg4 52. Kxe4+ Kb6 53.
Rh6+ R7f6 54. Rxf6+ Rxf6 55. Rxc4 g3 56. Rc8 Rg6 57. Rc1 g2 58. Rg1 Kb5 59. Kd5
Rg3 60. Ke4 Ka4 61. Kf4 Rg7 62. Ke3 Kxa3 63. Kd3 Kb2 0-1

[Event "SG Ennepe-Ruhr-Süd 1 - SV Hemer 1"]
[Site "NRW-Klasse - Gruppe 2 2021/20"]
[Date "2022.03.27"]
[Round "7.1"]
[White "Voicu-Jagodzinsky, Carmen"]
[Black "Tripolsky, Eugen"]
[Result "1/2-1/2"]
[WhiteElo "2268"]
[BlackElo "2204"]
[Annotator "daniel"]
[PlyCount "104"]
[EventDate "2022.??.??"]
[SourceVersionDate "2020.03.16"]
[WhiteTeam "SV Hemer 1"]
[BlackTeam "SG Ennepe-Ruhr-Süd 1"]

1. e4 c5 2. Nf3 a6 3. c3 Nf6 4. e5 Nd5 5. Bc4 e6 6. O-O Be7 7. d4 d6 8. Qe2 O-O
9. Rd1 cxd4 10. cxd4 Nc6 $11 11. a3 Qc7 12. Bd2 Rd8 13. Nc3 Nxc3 14. Bxc3 dxe5
15. dxe5 Bd7 16. Bd3 Be8 17. Qe4 g6 18. Qe3 Bf8 19. Ng5 Bg7 20. f4 Ne7 21. Bd4
Nf5 22. Bxf5 exf5 23. Rac1 Qd7 24. Rd2 h6 25. Nf3 Qe6 26. Bc5 Rxd2 27. Qxd2 Bc6
28. Nd4 Qd5 29. Qf2 Rd8 30. h3 Bf8 31. Bb6 Rc8 32. b4 Bd7 33. Rxc8 Bxc8 34. Qc2
Bd7 35. Qc7 a5 36. Qd8 axb4 37. axb4 Kg7 38. b5 Be6 39. Nxe6+ Qxe6 40. Qc7 Qd5
41. e6 Qxe6 42. Bd4+ Kh7 43. Qxb7 Bd6 44. Be5 Bxe5 45. fxe5 Qc4 46. b6 Qc1+ 47.
Kh2 Qf4+ 48. g3 Qf2+ 49. Kh1 Qf1+ 50. Kh2 Qf2+ 51. Kh1 Qf1+ 52. Kh2 Qf2+
1/2-1/2

[Event "SG Ennepe-Ruhr-Süd 1 - SV Hemer 1"]
[Site "NRW-Klasse - Gruppe 2 2021/20"]
[Date "2022.03.27"]
[Round "7.2"]
[White "Arakelian, Aik"]
[Black "Runte, Moritz"]
[Result "0-1"]
[WhiteElo "2082"]
[BlackElo "2131"]
[Annotator "daniel"]
[PlyCount "100"]
[EventDate "2022.??.??"]
[SourceVersionDate "2020.03.16"]
[WhiteTeam "SG Ennepe-Ruhr-Süd 1"]
[BlackTeam "SV Hemer 1"]

1. Nf3 d5 2. c4 c6 3. e3 Nf6 4. Nc3 e6 5. Qc2 Bd6 6. d4 Nbd7 7. g4 h6 8. h3 e5
9. cxd5 Nxd5 10. Nxd5 cxd5 11. dxe5 Nxe5 12. Nxe5 Bxe5 13. Bd2 Bd7 14. Qb3 Bc6
15. Bg2 O-O 16. O-O-O a5 17. f4 Bf6 18. h4 a4 19. Qd3 a3 20. b3 Qb6 21. Bf1
Bb2+ 22. Kb1 Rfe8 23. Re1 Re4 24. Qc2 Rae8 25. Bd3 d4 26. exd4 Qxd4 27. Rxe4
Rxe4 28. Rd1 Re2 29. Bc3 $11 Rxc2 30. Bxd4 Rg2 31. Bxb2 Rxb2+ 32. Kc1 Rxa2 33.
Bb1 Re2 34. Rd8+ Re8 35. Rxe8+ Bxe8 36. Bc2 Bd7 37. f5 Kf8 38. Kb1 Ke7 39. Ka2
Kf6 40. h5 Kg5 41. Bd1 g6 42. hxg6 fxg6 43. fxg6 Kxg6 44. Kxa3 Kg5 45. Bf3 b6
46. Kb4 Kf4 47. Be2 Bxg4 48. Bc4 h5 49. Kb5 h4 50. Bf1 Kg3 0-1

[Event "SG Ennepe-Ruhr-Süd 1 - SV Hemer 1"]
[Site "NRW-Klasse - Gruppe 2 2021/20"]
[Date "2022.03.27"]
[Round "7.3"]
[White "Jagodzinsky, Andreas"]
[Black "Bruchmann, Norbert"]
[Result "1/2-1/2"]
[WhiteElo "2102"]
[BlackElo "2048"]
[Annotator "daniel"]
[PlyCount "126"]
[EventDate "2022.??.??"]
[SourceVersionDate "2020.03.16"]
[WhiteTeam "SV Hemer 1"]
[BlackTeam "SG Ennepe-Ruhr-Süd 1"]

1. c4 e5 2. Nc3 Nf6 3. g3 d5 4. cxd5 Nxd5 5. Bg2 Nb6 6. Nf3 Nc6 7. O-O Bc5 8.
a3 a5 9. d3 O-O 10. Ne4 Be7 11. Qc2 a4 12. Be3 Nd4 13. Nxd4 exd4 14. Bf4 c6 15.
Bd2 Re8 16. Rfe1 Bf8 17. Bb4 f5 18. Nc5 Kh8 19. b3 axb3 20. Qxb3 Bxc5 21. Bxc5
Na4 22. Qc4 Nxc5 23. Qxc5 Ra5 24. Qc2 $11 Qd6 25. a4 f4 26. Qd2 Rf5 27. gxf4
Rxf4 28. e4 Qe5 29. Rf1 Ref8 30. a5 h5 31. a6 bxa6 32. Ra5 c5 33. Qc1 Rh4 34.
f4 Rhxf4 35. Rxc5 Rxf1+ 36. Bxf1 Qe8 37. Be2 g6 38. Qh6+ Kg8 39. Bxh5 Qf7 40.
Qxg6+ Qxg6+ 41. Bxg6 Bh3 42. Bf5 Bxf5 43. exf5 Kg7 44. Kg2 Re8 45. Rd5 Re2+ 46.
Kg1 Kf6 47. h4 Rd2 48. Rxd4 Kxf5 49. Kf1 Ke5 50. Ke1 Ra2 51. Rc4 Kf5 52. Kd1
Kg6 53. Rc5 Rh2 54. Ra5 Rxh4 55. Kc2 Kf6 56. Kc3 Ke6 57. d4 Rh1 58. Rxa6+ Kd5
59. Ra5+ Kd6 60. d5 Rc1+ 61. Kd4 Rd1+ 62. Ke3 Rxd5 63. Rxd5+ Kxd5 1/2-1/2